| 000 | 00611nam a22001937a 4500 | ||
|---|---|---|---|
| 003 | OSt | ||
| 005 | 20240103153149.0 | ||
| 008 | 240103b |||||||| |||| 00| 0 eng d | ||
| 020 | _a9789966480606 | ||
| 040 |
_aAIU Library - Kenya _cAIU Library - Kenya _dAIU Library - Kenya |
||
| 050 |
_aBS 325 _b.S8 1990 |
||
| 245 | _aEbibilia Enchenu | ||
| 260 |
_aNairobi : _bBible Society of Kenya, _cc1990. |
||
| 300 |
_a1189, 354, [4] p. _b22 cm. |
||
| 500 | _aTitle on t.p. verso: Bible in Ekegusii [Africana] | ||
| 630 |
_aBible. _lGusii. _955803 |
||
| 650 |
_aGusii language _vTexts. _955804 |
||
| 942 |
_2lcc _cAFR(R) |
||
| 999 |
_c67809 _d67783 |
||